| 000 | 00995nam a2200205 4500 | ||
|---|---|---|---|
| 001 | 2733 | ||
| 005 | 20181127165635.0 | ||
| 010 | 0 | 0 | _a |
| 020 | 0 | 0 | _a978-9993676904 |
| 100 | 0 | 0 | _aGross National Happiness Commission, Royal Government of Bhutan. |
| 245 | 0 | 0 |
_aTenth five year plan: 2008-2013 / _cGross National Happiness Commission, Royal Government of Bhutan. _h |
| 260 | 0 | 0 |
_aThimphu : _bGross National Happiness Commission, Royal Government of Bhutan, _c2009 |
| 300 | 0 | 0 | _a155 p. |
| 500 | 0 | 0 | _aElectronic copy available on RTC Cloud in "Library" folder |
| 590 | _aRTC library has bound xerographic copy of Vol. 1 | ||
| 651 |
_aBhutan --Economic policy. _v _x _y _z _2 |
||
| 651 |
_aBhutan --Social policy. _v _x _y _z _2 |
||
| 856 |
_a _uhttp://planipolis.iiep.unesco.org/upload/Bhutan/Bhutan_TenthPlan_Vol1_Web.pdf _yTenth five year plan: 2008-2013, Vol.I _z _3 |
||
| 856 |
_a _uhttp://www.gnhc.gov.bt/wp-content/uploads/2011/10thplan/TenthPlan_Vol2_Web.pdf _yTenth five year plan: 2008-2013, Vol. II _z _3 |
||
| 999 |
_c2192 _d2192 |
||